| 000 | 00625 a2200181 4500 | ||
|---|---|---|---|
| 999 |
_c5398 _d5398 |
||
| 020 | _a9780078301537 | ||
| 050 | _aLT 2380 JON 2000 | ||
| 100 |
_aJohnson, Jack E _eAuthor |
||
| 245 |
_aGlencoe keyboarding with computer applications: _blessons 1-150 / _cJack E. Johnson ...[etal] |
||
| 264 |
_aNew York: _bGlencoe/McGraw-Hill, _c2000 |
||
| 300 |
_axv, 289p. : _bill. (col.) |
||
| 500 | _aIt has no index | ||
| 650 | _aKeyboarding--Study and teaching (Secondary) | ||
| 700 |
_aChiri-Mulkey, Judith _eAuthor |
||
| 700 |
_aStanley, Carole G. _eAuthor |
||
| 700 |
_aCotton, Delores Sykes _eAuthor |
||
| 942 |
_2lcc _cBK _h2380 _iJON _kLT |
||